000 00292nam a22001217a 4500
008 180827b xxu||||| |||| 00| 0 eng d
041 _aeng
080 _a616.9
100 _a8
101 _aINF
245 _aANTROBIOTIC THERAPY FOR SURGERY RELATED INFECTIONS
_cWILSON,R,F
942 _2udc
_cBK
999 _c47333
_d47333